|
|
|
|
| LEADER |
00000nam0a2200000 4500 |
| 001 |
106432 |
| 005 |
20231031114912.0 |
| 010 |
|
|
|a 5936301052
|
| 035 |
|
|
|a (RuTPU)RU\TPU\book\114866
|
| 090 |
|
|
|a 106432
|
| 100 |
|
|
|a 20061206d2001 k y0rusy50 ca
|
| 101 |
0 |
|
|a rus
|
| 102 |
|
|
|a RU
|
| 105 |
|
|
|a y l 000zy
|
| 200 |
1 |
|
|a Инструкция по охране труда для уборщиков производственных и служебных помещений
|e ТОИ Р-95120-033-95
|
| 210 |
|
|
|a СПб.
|c Деан
|d 2001
|
| 215 |
|
|
|a 16 с.
|
| 225 |
1 |
|
|a Безопасность труда России
|
| 300 |
|
|
|a Утв. приказом Роскомторга от 3.10.1995 г. N 87
|
| 610 |
1 |
|
|a промышленная безопасность
|
| 610 |
1 |
|
|a помещения
|
| 610 |
1 |
|
|a уборка
|
| 610 |
1 |
|
|a охрана труда
|
| 610 |
1 |
|
|a безопасность
|
| 610 |
1 |
|
|a инструкции
|
| 610 |
1 |
|
|a ТОИ Р-95120-033-95
|
| 675 |
|
|
|a 658.345(083.133)
|v 3
|
| 801 |
|
1 |
|a RU
|b 63413507
|c 20061206
|g PSBO
|
| 801 |
|
2 |
|a RU
|b 63413507
|c 20150317
|g PSBO
|
| 942 |
|
|
|c BK
|